LEADER 01549nam0 2200277 450 001 000012199 005 20090226164029.0 100 $a20080603d1890----km-y0itay50------ba 101 0 $afre 102 $aFR 105 $aa-------001yy 200 1 $aTraite elementaire de l'energie electrique$fpar E. Hospitalier 210 $aParis$cMasson$d1890 215 $av.$d24 cm. 316 $aVol. 1: Legatura in quarto di pelle su piatti di cartone ricoperti di c. dec. (23x15x4 cm); dorso con A., tit., numero del tomo e filetti impressi in oro; ivi, inoltre, etichette con antiche segnature, e ivi, inoltre, etichetta con l'attuale coll. a coprire coll. del Regio Istituto Superiore Navale; imbrunimento delle carte$5UNIPARTHENOPE 317 $aVol. 1: Sulla controguardia ant. antiche segnature mss.: 23-C [n.i.]; 281 g 2 [n.i.]; Classe VII N 686 Ingresso n.° 2375 del del Registro inventario della Regia Marina Biblioteca dipartimentale di Napoli; ivi, inoltre, Sc G III [n.i.]; timbro A della Reale Biblioteca di Marina$5UNIPARTHENOPE 327 1 $aVol. 1: Définitions principes, lois generales, applications a la mesure. - 1890. - XIV, 608 p., ill. 620 $aFrancia$dParigi 676 $a537$v21$9Elettricità ed elettronica 700 1$aHospitalier,$bEdouard$03393 712 02$aDue Sicilie : Ministero della guerra e della marina$4390 801 0$aIT$bUNIPARTHENOPE$c20080603$gRICA$2UNIMARC 912 $a000012199 951 $aBORB-G-4$b2375$cFB$d2008 996 $aTraite elementaire de l'energie electrique$91203105 997 $aUNIPARTHENOPE